A Hays Hungary Kft. marketingkommunikációs tevékenységének alakulása

Bibliographic Details
Main Author: Hábl Nikolett
Other Authors: Németh Dr. Patrícia
Format: Thesis
Kulcsszavak:Marketingkommunikációs eszközök
Marketing
Toborzás és kiválasztás
7P
munkaerő-közvetítés - munkaerő-kölcsönzés
ATL
BTL
Online Access:http://dolgozattar.uni-bge.hu/18830

MARC

LEADER 00000nta a2200000 i 4500
001 dolg18830
005 20190225153253.0
008 181204suuuu hu om 000 hun d
040 |a BGE Dolgozattár Repozitórium  |b hun 
041 |a hu 
100 1 |a Hábl Nikolett 
245 1 2 |a A Hays Hungary Kft. marketingkommunikációs tevékenységének alakulása  |c Hábl Nikolett  |h [elektronikus dokumentum] 
695 |a Marketingkommunikációs eszközök 
695 |a Marketing 
695 |a Toborzás és kiválasztás 
695 |a 7P 
695 |a munkaerő-közvetítés - munkaerő-kölcsönzés 
695 |a ATL 
695 |a BTL 
700 1 |a Németh Dr. Patrícia  |e ths 
856 4 0 |u http://dolgozattar.uni-bge.hu/18830/1/Habl_Nikolett_S1IOP4.pdf  |z Dokumentum-elérés 
856 4 0 |u http://dolgozattar.uni-bge.hu/18830/2/Habl_Nikolett_S1IOP4_titkositasikerelem.pdf  |z Dokumentum-elérés